00350nam a2200121Ia 4500008004100000100002200041245006800063260002300131300000900154650004300163942000700206999001500213190216s9999||||xx |||||||||||||| ||und|| aByron S Gottfried 0aSchaum`S Series Theory And Problems Of Programming With Pascal bMcgraw -hillc1987 a407p a"Computer Programming. Programs, Data" cBK c8394d8394